000 00859cab a22001935a 4500
001 L150196
008 100611e2010 xxk 000 0 eng d
035 _a(Sirsi) u150196
041 0 _aeng
110 2 _aExperian Business Strategies
_94789
245 0 4 _aThe tracker on a more positive note
_bconstruction activity expanded for the first time in two years, but order books are below normal for the time of year, reports Experian Business Strategies.
260 _c2010
490 _aBuilding
_v275 (8633) 11 June 2010, 54-55(2)
520 _aCovers state of play, leading construction activity indicator, labour costs and UK regional perspective extracted from Experian's Business Strategies monthly Focus survey of construction activity.
590 _aKA
651 4 _aUnited Kingdom
_y
690 _aBUILT ENVIRONMENT-CONSTRUCTION MARKET
942 _n0
999 _c82416
_d82416